000 00647nam a2200205 i 4500
001 66134
003 ES-MaACL
005 20250827035131.0
007 t|
008 040127s1962 sp ||||1| cat d
100 1 _aGaia, Bernardo del.
_953242
245 1 0 _aExcursió a les cartoixes de Catalunya /
_cBernardo del Gaia.
260 _aBarcelona :
_bRafael Dalmau,
_c1962.
300 _a40 p. :
_bil. ;
_c17 cm.
490 1 _aArxiu bibliografie excursionista ;
_v5
650 4 _aConventos-
_zCataluña.
_9156249
830 0 0 _aArxiu bibliografie excursionista
_v5
_9230788
852 _aES-MaACL
_j2030-F-3
_bR.51192
999 _c66134
_d66134